[Event "Nord-West-Cup"]
[Site "?"]
[Date "1999.02.04"]
[Round "1"]
[White "Riewe, Gerhard"]
[Black "Hedke, Fred"]
[Result "0-1"]
[WhiteElo "1831"]
[BlackElo "2350"]
[PlyCount "20"]
[EventDate "1999.??.??"]

1. e4 e5 2. Nf3 Nc6 3. Bc4 Be7 4. Nc3 Nf6 5. d4 exd4 6. Nxd4 d6 7. O-O O-O 8.
f4 Nxd4 9. Qxd4 b6 10. Bd2 d5 0-1

[Event "Nord-West-Cup "]
[Site "?"]
[Date "1999.02.04"]
[Round "1"]
[White "Jugelt, Tobias"]
[Black "Gossmann, Ewald"]
[Result "1-0"]
[WhiteElo "2350"]
[BlackElo "1830"]
[PlyCount "41"]
[EventDate "1999.??.??"]

1. d4 Nf6 2. Bg5 e6 3. Nd2 d5 4. e3 Nbd7 5. f4 Be7 6. Bd3 c5 7. c3 b6 8. Qf3
Bb7 9. Nh3 O-O 10. O-O Qc7 11. Nf2 Rac8 12. Qh3 Rfe8 13. g4 Nf8 14. Bxf6 Bxf6
15. g5 Bd8 16. Ng4 Qe7 17. Rf3 Rc7 18. Qh5 f5 19. gxf6 gxf6 20. Nh6+ Kh8 21.
Rg3 1-0

[Event "Nord-West-Cup"]
[Site "?"]
[Date "1999.02.04"]
[Round "1"]
[White "Paust, Wolf Dieter"]
[Black "Ruchay, Joachim"]
[Result "0-1"]
[WhiteElo "2120"]
[BlackElo "1525"]
[PlyCount "92"]
[EventDate "1999.??.??"]

1. e4 Nf6 2. e5 Nd5 3. d4 d6 4. Nf3 Bg4 5. Be2 Bxf3 6. Bxf3 dxe5 7. dxe5 e6 8.
O-O c6 9. Qe2 Nd7 10. c4 Ne7 11. Nc3 Ng6 12. Be3 Ndxe5 13. Be4 Qh4 14. g3 Qf6
15. f4 Nd7 16. f5 Ne7 17. fxe6 Qxe6 18. Rae1 Ne5 19. b3 N7g6 20. Bf5 Qd6 21.
Ne4 Qc7 22. Bd4 f6 23. c5 Kf7 24. Qh5 Be7 25. Ng5+ Kg8 26. Be6+ Kf8 27. Rxe5
Nxe5 28. Qxh7 Rxh7 29. Nxh7+ Ke8 30. h4 Nf7 31. Rf4 Rd8 32. Bxf7+ Kxf7 33. Ng5+
Kg8 34. Ne6 Qd7 35. Nxd8 Qxd8 36. h5 Qxd4+ 37. Rxd4 Bxc5 38. Kg2 Bxd4 39. Kf3
Kf7 40. b4 Ke6 41. a4 Bc3 42. b5 cxb5 43. axb5 Bd2 44. Ke2 Bh6 45. Kd3 Kd5 46.
g4 Kc5 0-1

[Event "Nord-West-Cup"]
[Site "?"]
[Date "1999.02.04"]
[Round "1"]
[White "GM Lanka, Zigurds"]
[Black "Michaelis, Nico"]
[Result "1-0"]
[WhiteElo "2515"]
[BlackElo "1942"]
[PlyCount "25"]
[EventDate "1999.??.??"]

1. e4 d5 2. exd5 Qxd5 3. Nc3 Qd6 4. d4 Nf6 5. Bc4 a6 6. Nf3 e6 7. O-O b5 8. Bb3
Bb7 9. Re1 Be7 10. Bg5 O-O 11. Qe2 Nbd7 12. d5 Nxd5 13. Bxd5 1-0

[Event "Nord-West-Cup"]
[Site "?"]
[Date "1999.02.04"]
[Round "1"]
[White "Wichelmann, Martin"]
[Black "GM Gutman, Lev"]
[Result "0-1"]
[WhiteElo "2480"]
[BlackElo "1920"]
[PlyCount "46"]
[EventDate "1999.??.??"]

1. e4 c5 2. c3 d5 3. exd5 Qxd5 4. d4 Nf6 5. Nf3 g6 6. Be2 Bg7 7. dxc5 Qxc5 8.
Be3 Qc7 9. Na3 Nc6 10. Nb5 Qb8 11. O-O O-O 12. Qb3 Ng4 13. Nbd4 Nxe3 14. fxe3
Ne5 15. h3 Qc7 16. Rad1 a6 17. a4 Bd7 18. e4 Rab8 19. Nxe5 Qxe5 20. Bc4 Be8 21.
Rfe1 Qa5 22. Ra1 Qc5 23. Bxa6 e5 0-1

[Event "Nord-West-Cup"]
[Site "?"]
[Date "1999.02.04"]
[Round "1"]
[White "Park, Heiko"]
[Black "FM Treppner, Gerd"]
[Result "1/2-1/2"]
[WhiteElo "1796"]
[BlackElo "2320"]
[PlyCount "48"]
[EventDate "1999.??.??"]

1. f4 g6 2. Nf3 Bg7 3. e3 d6 4. Nc3 Nf6 5. b3 O-O 6. Bb2 Nc6 7. Be2 e5 8. fxe5
dxe5 9. e4 Nh5 10. O-O Nf4 11. Kh1 Be6 12. Na4 Nxe2 13. Qxe2 Qd6 14. Qf2 Nd4
15. d3 f5 16. Bxd4 exd4 17. exf5 Rxf5 18. Nb2 Bd5 19. Qe2 c5 20. Nc4 Qc7 21. a4
Raf8 22. Nfd2 Rh5 23. Rxf8+ Bxf8 24. Nf3 Bxf3 1/2-1/2

[Event "Nord-West-Cup"]
[Site "?"]
[Date "1999.02.04"]
[Round "1"]
[White "WGM Lomineischvili, Maja"]
[Black "Schubert, Wolfgang"]
[Result "1-0"]
[WhiteElo "2350"]
[BlackElo "1842"]
[PlyCount "57"]
[EventDate "1999.??.??"]

1. d4 g6 2. c4 Bg7 3. Nc3 d6 4. Nf3 Bg4 5. g3 Bxf3 6. exf3 Nc6 7. d5 Nd4 8. Bh3
f5 9. O-O c5 10. dxc6 bxc6 11. Re1 Qa5 12. Bg2 Rc8 13. a3 c5 14. Nd5 Nb3 15.
Rb1 Nxc1 16. Rxc1 e5 17. b4 Qd8 18. f4 e4 19. f3 Bd4+ 20. Kh1 Nh6 21. fxe4 O-O
22. exf5 Nxf5 23. Bh3 Rf7 24. b5 Qf8 25. Bxf5 gxf5 26. Re6 Bb2 27. Rc2 Bxa3 28.
Rce2 Bb4 29. Ne7+ 1-0

[Event "Nord-West-Cup"]
[Site "?"]
[Date "1999.02.04"]
[Round "1"]
[White "IM Hermann, Manfred"]
[Black "Skupin, Christian"]
[Result "1-0"]
[WhiteElo "2355"]
[BlackElo "1863"]
[PlyCount "49"]
[EventDate "1999.??.??"]

1. e4 c5 2. Nf3 e6 3. d4 cxd4 4. Nxd4 a6 5. Bd3 Nc6 6. Be3 Nf6 7. O-O Qc7 8.
Nc3 Bc5 9. Nxe6 fxe6 10. Bxc5 b6 11. Ba3 b5 12. Bxb5 Bb7 13. Bd6 Qb6 14. Bd3
Nb4 15. e5 Qc6 16. f3 Nxd3 17. Qxd3 Ng4 18. Kh1 Rc8 19. Ba3 Nh6 20. Ne4 Nf7 21.
Rad1 Rc7 22. Qe3 Qb5 23. Rf2 Bc6 24. Nd6+ Nxd6 25. Bxd6 1-0

[Event "Nord-West-Cup"]
[Site "?"]
[Date "1999.02.04"]
[Round "1"]
[White "GM Bischoff, Klaus"]
[Black "Elbern, Thomas"]
[Result "1-0"]
[WhiteElo "2550"]
[BlackElo "1946"]
[PlyCount "101"]
[EventDate "1999.??.??"]

1. c4 e6 2. Nf3 Nf6 3. g3 d5 4. Bg2 Be7 5. O-O O-O 6. d4 a6 7. Nbd2 c5 8. dxc5
Bxc5 9. cxd5 exd5 10. Nb3 Be7 11. Nfd4 Nc6 12. Nxc6 bxc6 13. Be3 Ng4 14. Bd4
Re8 15. Rc1 Bd7 16. e3 Bd6 17. Nc5 Bxc5 18. Rxc5 Nf6 19. f3 Qe7 20. Qd2 Reb8
21. Rfc1 Rb5 22. R5c2 Ne8 23. Bf1 Rbb8 24. Qa5 Qb4 25. Rc5 f6 26. Qxb4 Rxb4 27.
Ra5 Nc7 28. b3 Kf7 29. Kf2 Rb7 30. Bd3 Nb5 31. Bc5 g6 32. g4 Ke6 33. h4 Be8 34.
Rh1 Rg7 35. a4 Nc7 36. b4 Kd7 37. Bd4 Rf7 38. h5 f5 39. hxg6 hxg6 40. gxf5 gxf5
41. Be5 Kc8 42. f4 Kb7 43. Rh8 Ne6 44. Rxa6 Rxa6 45. Bxa6+ Kxa6 46. Rxe8 Nf8
47. Bd4 Kb7 48. Kg3 Ng6 49. Re6 Ne7 50. Kh4 Kc7 51. Bc5 1-0

[Event "Nord-West-Cup"]
[Site "?"]
[Date "1999.02.04"]
[Round "1"]
[White "Muecher"]
[Black "Ragozin"]
[Result "0-1"]
[WhiteElo "1951"]
[BlackElo "2480"]
[PlyCount "84"]
[EventDate "1999.??.??"]

1. e4 c5 2. Nf3 Nc6 3. d3 g6 4. g3 Bg7 5. Bg2 Nf6 6. c3 d6 7. O-O O-O 8. a4 Rb8
9. Nbd2 a6 10. Qe2 Ne8 11. Nc4 b5 12. Ne3 b4 13. Bd2 Nc7 14. Rfd1 Bd7 15. Nc4
Be6 16. Ng5 Bxc4 17. dxc4 bxc3 18. Bxc3 Rb3 19. Rd3 Bxc3 20. bxc3 Ne5 21. Re3
Qb8 22. Ra2 Rb1+ 23. Bf1 Qb3 24. Kg2 Rb8 25. Rd2 Rxf1 26. Qxf1 Nxc4 27. Rdd3
Nxe3+ 28. Rxe3 f6 29. Nh3 Qxa4 30. Qd3 Qb5 31. c4 Qb1 32. Qa3 g5 33. g4 Qd1 34.
Kg3 Qd2 35. e5 dxe5 36. Qxc5 Qd6 37. Qa5 Ne6 38. Qa2 Qc6 39. Ng1 Qh1 40. c5
Qxg1+ 41. Kh3 Kf7 42. Ra3 Rb2 0-1

[Event "Nord-West-Cup"]
[Site "?"]
[Date "1999.02.05"]
[Round "2"]
[White "Pietsch"]
[Black "Jugelt, Tobias"]
[Result "0-1"]
[WhiteElo "2065"]
[BlackElo "2350"]
[PlyCount "37"]
[EventDate "1999.??.??"]

1. d4 Nf6 2. Nf3 d5 3. c4 c6 4. Nc3 e6 5. Bg5 Nbd7 6. e3 Be7 7. Qc2 b6 8. cxd5
exd5 9. Bd3 O-O 10. O-O Bb7 11. Ne5 h6 12. Bf4 Nh5 13. Ne2 c5 14. Bh7+ Kh8 15.
Qf5 Ndf6 16. Bg6 Bc8 17. Nxf7+ Rxf7 18. Qe5 Nxf4 19. Qxf4 0-1

[Event "Nord-West-Cup"]
[Site "?"]
[Date "1999.02.05"]
[Round "2"]
[White "IM Bagaturov, Giorgi"]
[Black "Schmidt, Harald"]
[Result "1-0"]
[WhiteElo "2540"]
[BlackElo "2210"]
[PlyCount "33"]
[EventDate "1999.??.??"]

1. d4 d5 2. c4 e5 3. dxe5 d4 4. Nf3 Nc6 5. g3 Be6 6. Nbd2 Qd7 7. Bg2 O-O-O 8.
O-O h6 9. a3 g5 10. b4 g4 11. b5 Na5 12. Ne1 Kb8 13. Qa4 b6 14. Nd3 Ne7 15. Nc5
bxc5 16. Qxa5 Ng6 17. Qa6 1-0

[Event "Nord-West-Cup"]
[Site "?"]
[Date "1999.02.05"]
[Round "2"]
[White "IM Ragozin, Evgeni"]
[Black "Eickhoff, Hermann"]
[Result "1-0"]
[WhiteElo "2480"]
[BlackElo "2170"]
[PlyCount "45"]
[EventDate "1999.??.??"]

1. c4 Nf6 2. Nc3 e6 3. e4 Bb4 4. e5 Bxc3 5. dxc3 Ng8 6. Qg4 Kf8 7. Nf3 Nc6 8.
Bf4 f5 9. Qg3 Nge7 10. h4 b6 11. h5 Qe8 12. h6 g6 13. Qh4 g5 14. Qxg5 Qg6 15.
Qh4 Bb7 16. O-O-O Ke8 17. Bg5 Rg8 18. Bf6 a5 19. Bg7 a4 20. Be2 Kd8 21. Ng5
Qxg7 22. hxg7 Rxg7 23. Nxe6+ 1-0

[Event "Nord-West-Cup"]
[Site "?"]
[Date "1999.02.05"]
[Round "2"]
[White "Koehne, Arno"]
[Black "IM Fish, Gennadiy"]
[Result "0-1"]
[WhiteElo "2040"]
[BlackElo "2480"]
[PlyCount "62"]
[EventDate "1999.??.??"]

1. d4 Nf6 2. c4 e6 3. Nf3 b6 4. g3 Ba6 5. b3 d5 6. Bg2 Bb4+ 7. Bd2 Bd6 8. Nc3
Nbd7 9. cxd5 exd5 10. O-O O-O 11. Re1 Bb7 12. Nh4 Re8 13. Nf5 Bf8 14. Qc2 g6
15. Nh6+ Kg7 16. Bf3 c5 17. dxc5 bxc5 18. Ng4 Nxg4 19. Bxg4 Ne5 20. Bh3 d4 21.
Na4 Qd5 22. f3 d3 23. Qc3 dxe2 24. Rxe2 Qxf3 25. Bg2 Qxe2 26. Bxb7 Rad8 27. Bf4
Kg8 28. Bxe5 Rd2 29. Qf3 Qxh2+ 30. Kf1 Rxe5 31. Be4 Rxe4 0-1

[Event "Nord-West-Cup"]
[Site "?"]
[Date "1999.02.05"]
[Round "2"]
[White "Gudat, Alfons"]
[Black "GM Lanka, Zigurds"]
[Result "0-1"]
[WhiteElo "2080"]
[BlackElo "2515"]
[PlyCount "79"]
[EventDate "1999.??.??"]

1. e4 c5 2. Nf3 Nc6 3. Bb5 g6 4. O-O Bg7 5. Re1 e5 6. c3 Nge7 7. d3 O-O 8. Nbd2
d6 9. Nf1 Kh8 10. Bd2 Rb8 11. a3 f5 12. b4 a6 13. Bxc6 Nxc6 14. Ne3 b5 15. Nd5
Be6 16. a4 cxb4 17. Nxb4 Nxb4 18. cxb4 h6 19. axb5 axb5 20. Qc1 Rc8 21. Qa3 g5
22. Rec1 fxe4 23. dxe4 Bc4 24. Be3 d5 25. exd5 Qxd5 26. Rd1 Qf7 27. Rd2 e4 28.
Nd4 Bd3 29. Rc1 Qd5 30. Ne2 Ra8 31. Nc3 Qc4 32. Qb2 Rfc8 33. Bc5 g4 34. g3 h5
35. Rdd1 Rxc5 36. bxc5 b4 37. Qd2 bxc3 38. Qg5 Qf7 39. Ra1 Rf8 40. Qe3 0-1

[Event "Nord-West-Cup"]
[Site "?"]
[Date "1999.02.05"]
[Round "2"]
[White "GM Epishin, Vladimir"]
[Black "Wiertzema, Michael"]
[Result "1-0"]
[WhiteElo "2585"]
[BlackElo "2225"]
[PlyCount "64"]
[EventDate "1999.??.??"]

1. d4 Nf6 2. c4 e6 3. Nf3 Bb4+ 4. Bd2 Be7 5. Nc3 d5 6. Bf4 c6 7. e3 Nbd7 8. h3
O-O 9. Rc1 Re8 10. Bd3 dxc4 11. Bxc4 b5 12. Bd3 a6 13. e4 Bb7 14. e5 Nd5 15.
Nxd5 cxd5 16. h4 Nf8 17. Kf1 Rc8 18. Rxc8 Qxc8 19. Rh3 b4 20. h5 a5 21. Qe2 Rd8
22. Rg3 Rd7 23. Kg1 Rc7 24. Kh2 Bc6 25. Qe3 Be8 26. Bh6 g6 27. Qf4 a4 28. Ng5
Qd7 29. Nxh7 Nxh7 30. hxg6 fxg6 31. Bxg6 Bxg6 32. Rxg6+ Kh8 1-0

[Event "Nord-West-Cup"]
[Site "?"]
[Date "1999.02.05"]
[Round "2"]
[White "Pel, Bonno"]
[Black "GM Bischoff, Klaus"]
[Result "0-1"]
[WhiteElo "2175"]
[BlackElo "2550"]
[PlyCount "88"]
[EventDate "1999.??.??"]

1. Nc3 e6 2. e4 c5 3. Nf3 a6 4. d4 cxd4 5. Nxd4 Qc7 6. g3 Bb4 7. Bd2 Nf6 8. Bg2
Be7 9. O-O O-O 10. Qe2 d6 11. a4 Nc6 12. Nb3 b6 13. Kh1 Bb7 14. f4 Rfe8 15.
Rae1 Nd7 16. Qf2 Bf8 17. h4 Rab8 18. Nd1 b5 19. axb5 axb5 20. Ne3 b4 21. Ra1
Nf6 22. Bf3 Ra8 23. c3 bxc3 24. Bxc3 e5 25. Nd2 g6 26. Rac1 Qb8 27. Bg2 Bg7 28.
f5 Ba6 29. Rfe1 Nb4 30. Bxb4 Qxb4 31. g4 Bd3 32. g5 Nxe4 33. Nxe4 Bxe4 34. f6
Bf8 35. Nd5 Bxg2+ 36. Kxg2 Qg4+ 37. Qg3 Qd4 38. Nc3 Rab8 39. Re2 Rb4 40. Kh3
Qc4 41. Rd1 Reb8 42. Re4 Qe6+ 43. Qg4 Rxe4 44. Nxe4 Qb3+ 0-1

[Event "Nord-West-Cup"]
[Site "?"]
[Date "1999.02.05"]
[Round "2"]
[White "Wittje, Berthold"]
[Black "WGM Lomineishvili, Maja"]
[Result "1-0"]
[WhiteElo "2217"]
[BlackElo "2350"]
[PlyCount "89"]
[EventDate "1999.??.??"]

1. e4 c5 2. c3 Nf6 3. e5 Nd5 4. d4 cxd4 5. Qxd4 e6 6. Bc4 Ne7 7. Bf4 Ng6 8. Bg3
Nc6 9. Qe4 d5 10. exd6 Bxd6 11. Bxd6 Qxd6 12. Nf3 f5 13. Qe3 O-O 14. Na3 Kh8
15. O-O e5 16. Rad1 Qe7 17. Rfe1 f4 18. Qd3 Bg4 19. Qd6 Bxf3 20. Qxe7 Ncxe7 21.
gxf3 Nh4 22. Be2 Rad8 23. Nc4 Nc6 24. Nd6 Rd7 25. Rd5 g5 26. Red1 Rg7 27. Kf1
g4 28. fxg4 f3 29. Bb5 Rxg4 30. Bxc6 bxc6 31. Ra5 e4 32. Rxa7 e3 33. fxe3 Kg8
34. Rd4 Rxd4 35. cxd4 Ng2 36. Re7 Rf6 37. Nc4 f2 38. Re4 h5 39. Nd2 Ne1 40. Rf4
Rxf4 41. exf4 Nd3 42. a4 Nxb2 43. a5 Na4 44. Nc4 Nc3 45. Ne5 1-0

[Event "Nord-West-Cup"]
[Site "?"]
[Date "1999.02.05"]
[Round "2"]
[White "GM Gutman, Lev"]
[Black "Urban, Hans-Rainer"]
[Result "1-0"]
[WhiteElo "2480"]
[BlackElo "2180"]
[PlyCount "95"]
[EventDate "1999.??.??"]

1. Nf3 Nf6 2. g3 g6 3. Bg2 Bg7 4. O-O O-O 5. d4 d6 6. a4 Nc6 7. a5 Bd7 8. c3
Qc8 9. Re1 a6 10. Nbd2 Bh3 11. e4 Bxg2 12. Kxg2 Nd7 13. Nc4 e5 14. dxe5 Ndxe5
15. Nfxe5 dxe5 16. Ne3 f5 17. Nd5 Kh8 18. f3 Rf7 19. Be3 Qe6 20. Qe2 Rg8 21. b4
g5 22. Bc5 Bf8 23. Bxf8 Rgxf8 24. Rf1 f4 25. g4 h5 26. h3 Na7 27. Qf2 Nb5 28.
Qc5 Qd6 29. Qxd6 Nxd6 30. gxh5 Nc4 31. Kf2 c6 32. Nb6 Ne3 33. Rg1 Rd8 34. Ke2
Rf6 35. Ra2 Rfd6 36. Na4 Rd3 37. Nc5 Rxc3 38. Rd2 Rxd2+ 39. Kxd2 Ra3 40. Rxg5
Nc4+ 41. Ke2 Re3+ 42. Kf2 Nd2 43. Rxe5 Nb3 44. Rf5 Nxc5 45. bxc5 Ra3 46. Rxf4
Rxa5 47. e5 Rxc5 48. e6 1-0

[Event "Nord-West-Cup"]
[Site "?"]
[Date "1999.02.05"]
[Round "2"]
[White "IM Vasilijevic, Dragan"]
[Black "Lamprecht, Mark"]
[Result "1-0"]
[WhiteElo "2235"]
[BlackElo "2150"]
[PlyCount "71"]
[EventDate "1999.??.??"]

1. d4 f5 2. Nf3 Nf6 3. Bf4 d6 4. e3 e6 5. h3 Qe7 6. c4 g6 7. Nc3 Bg7 8. Qa4+
Bd7 9. Qb3 b6 10. Be2 O-O 11. O-O h6 12. c5 g5 13. cxd6 cxd6 14. Bh2 Ne4 15.
Nxe4 fxe4 16. Nd2 d5 17. f3 exf3 18. Nxf3 Nc6 19. Rac1 Na5 20. Qd3 Nc4 21. b3
Nd6 22. Rc7 Ne4 23. Qa6 Rfc8 24. Rxa7 Bb5 25. Qxc8+ Rxc8 26. Rxe7 Bxe2 27. Re1
Rc2 28. Ne5 Bf8 29. Re8 Kg7 30. a3 Bxa3 31. Ra1 b5 32. b4 h5 33. Rxe6 g4 34.
hxg4 hxg4 35. Bf4 g3 36. Bxg3 1-0

[Event "Nord-West-Cup"]
[Site "?"]
[Date "1999.02.05"]
[Round "2"]
[White "FM Hedke, Fred"]
[Black "Heinemann, Ernst"]
[Result "1-0"]
[WhiteElo "2350"]
[BlackElo "2228"]
[PlyCount "71"]
[EventDate "1999.??.??"]

1. e4 c6 2. d4 d5 3. exd5 cxd5 4. c4 Nf6 5. Nc3 g6 6. cxd5 a6 7. Qb3 Bg7 8. Be2
O-O 9. Bf3 b5 10. Nge2 Bg4 11. Bxg4 Nxg4 12. O-O Nd7 13. a4 b4 14. Qxb4 Nb6 15.
d6 exd6 16. a5 Nc8 17. Bf4 g5 18. Bd2 f5 19. f4 gxf4 20. Bxf4 d5 21. h3 Nf6 22.
Be5 Ne7 23. Nf4 Qd7 24. Qb6 Nc6 25. Rad1 Rfb8 26. Bxb8 Rxb8 27. Qxa6 Ne4 28.
Ncxd5 Nxd4 29. Nb6 Qf7 30. Qd3 Nb3 31. Qe3 Nxa5 32. Rd7 Qb3 33. Qxb3+ Nxb3 34.
Ne6 Bh6 35. Nd5 Ng3 36. Nf6+ 1-0

[Event "Nord-West-Cup"]
[Site "?"]
[Date "1999.02.05"]
[Round "2"]
[White "Krumwiede, Karsten"]
[Black "FM Jonkman, Harmen"]
[Result "0-1"]
[WhiteElo "2016"]
[BlackElo "2310"]
[PlyCount "44"]
[EventDate "1999.??.??"]

1. d4 d5 2. Nf3 Nf6 3. c4 dxc4 4. Nc3 e6 5. e4 Bb4 6. Bg5 c5 7. Bxc4 cxd4 8.
Nxd4 Bxc3+ 9. bxc3 Qa5 10. Bb5+ Nbd7 11. Bxf6 gxf6 12. O-O a6 13. Be2 Nc5 14.
Re1 Bd7 15. Bh5 Qc7 16. Rb1 Rg8 17. h4 Rg7 18. Qe2 Rc8 19. e5 f5 20. Qf3 Ne4
21. Qf4 Kf8 22. Rbc1 Qa5 0-1

[Event "Nord-West-Cup"]
[Site "?"]
[Date "1999.02.05"]
[Round "2"]
[White "Kerker, Andreas"]
[Black "IM Hermann, Manfred"]
[Result "0-1"]
[WhiteElo "2355"]
[BlackElo "2110"]
[PlyCount "92"]
[EventDate "1999.??.??"]

1. e4 e5 2. Nf3 Nc6 3. Bb5 f5 4. Nc3 fxe4 5. Nxe4 d5 6. Nxe5 dxe4 7. Nxc6 Qg5
8. Qe2 Nf6 9. f4 Qxf4 10. d4 Qh4+ 11. g3 Qh3 12. Ne5+ c6 13. Bc4 Be6 14. Be3
Bd6 15. O-O-O O-O 16. Bf4 Nd5 17. Ng6 Nxf4 18. Nxf4 Bxf4+ 19. gxf4 Rxf4 20. d5
cxd5 21. Bxd5 Bxd5 22. Rxd5 Raf8 23. b3 Qc3 24. Kb1 Qc6 25. Rhd1 Rf2 26. Qxe4
Rxh2 27. Qd3 Rhf2 28. Rd6 Qf3 29. Qc4+ Qf7 30. Qd4 Qf5 31. Qc4+ Kh8 32. Rd7 Rf1
33. Qc7 Rxd1+ 34. Rxd1 Qc8 35. Qe7 Re8 36. Qf7 Re2 37. Qc4 Qxc4 38. bxc4 h5 39.
Rd5 Rh2 40. Rd7 Rh4 41. c5 Rb4+ 42. Kc1 h4 43. Kd2 h3 44. Ke3 h2 45. Rd1 Rc4
46. Kd3 Rxc5 0-1

[Event "Nord-West-Cup"]
[Site "?"]
[Date "1999.02.05"]
[Round "3"]
[White "IM Fish, Gennardiy"]
[Black "Botschek, Martin"]
[Result "1-0"]
[WhiteElo "2480"]
[BlackElo "2225"]
[PlyCount "49"]
[EventDate "1999.??.??"]

1. Nf3 g6 2. c4 d6 3. d4 Bg7 4. Nc3 e5 5. g3 Nc6 6. dxe5 Nxe5 7. Bg2 Ne7 8.
Nxe5 Bxe5 9. O-O O-O 10. Bh6 Bg7 11. Bxg7 Kxg7 12. Qd4+ f6 13. c5 Nf5 14. Qc4
dxc5 15. Qxc5 Qd6 16. Qa5 c6 17. Rfd1 Qe7 18. Rd3 Be6 19. Rad1 Rf7 20. R3d2 Qc7
21. Qc5 Qb6 22. Na4 Qa6 23. Qc2 Rc8 24. Nc5 Qxa2 25. b3 1-0

[Event "Nord-West-Cup"]
[Site "?"]
[Date "1999.02.05"]
[Round "3"]
[White "Schmidt, Harald"]
[Black "Westerhoff, Bernhard"]
[Result "1-0"]
[WhiteElo "2210"]
[BlackElo "1868"]
[PlyCount "51"]
[EventDate "1999.??.??"]

1. e4 c5 2. d4 cxd4 3. Qxd4 Nc6 4. Qe3 g6 5. Nc3 Bg7 6. Bd2 Nf6 7. O-O-O O-O 8.
Bc4 a6 9. h4 h5 10. Nd5 b5 11. Be2 Ne5 12. Nxf6+ exf6 13. Bc3 Bb7 14. Bxe5 fxe5
15. g4 hxg4 16. Bxg4 d5 17. h5 Re8 18. hxg6 fxg6 19. Nf3 d4 20. Qb3+ Kf8 21.
Rde1 Qf6 22. Kb1 Qf4 23. Rhg1 Bf6 24. Bd7 Re7 25. Bf5 Bd5 26. Qxd5 1-0

[Event "Nord-West-Cup"]
[Site "?"]
[Date "1999.02.05"]
[Round "3"]
[White "Schneider, Andreas"]
[Black "Tschetchelnizki, Boris"]
[Result "0-1"]
[WhiteElo "2150"]
[BlackElo "2253"]
[PlyCount "72"]
[EventDate "1999.??.??"]

1. e4 e6 2. d4 d5 3. Nd2 a6 4. f4 c5 5. c3 cxd4 6. cxd4 Nc6 7. Ngf3 Qb6 8. exd5
exd5 9. Nb3 Nf6 10. Bd3 Bg4 11. O-O Be7 12. Be3 O-O 13. h3 Bxf3 14. Qxf3 Nb4
15. Bb1 Rfe8 16. a3 Nc6 17. Ba2 Ne4 18. Nc5 Nxc5 19. dxc5 Bxc5 20. Bxc5 Qxc5+
21. Kh1 Rad8 22. b4 Qd6 23. Rad1 d4 24. Qh5 Qf6 25. b5 Ne7 26. Qf3 Nf5 27. Rfe1
Rxe1+ 28. Rxe1 axb5 29. Qxb7 g6 30. Qxb5 d3 31. Qa5 d2 32. Rd1 Qd4 33. Qc7 Rd7
34. Qb8+ Kg7 35. Rxd2 Qxd2 36. Qe5+ Kh6 0-1

[Event "Nord-West-Cup"]
[Site "?"]
[Date "1999.02.05"]
[Round "3"]
[White "IM Hermann, Manfred"]
[Black "Groothoff, Franz"]
[Result "1-0"]
[WhiteElo "2355"]
[BlackElo "2024"]
[PlyCount "53"]
[EventDate "1999.??.??"]

1. e4 e5 2. d4 exd4 3. Qxd4 d6 4. Nc3 Nf6 5. Bg5 Be7 6. Nf3 O-O 7. O-O-O Nc6 8.
Qd2 a6 9. h4 b5 10. Bd3 Ne5 11. Nd5 Nxd5 12. exd5 Nxd3+ 13. Qxd3 Bg4 14. Bxe7
Qxe7 15. Ng5 g6 16. f3 Bf5 17. Qd2 h6 18. Rde1 Qf6 19. g4 Bd7 20. Ne4 Qg7 21.
g5 Bf5 22. Nf6+ Kh8 23. Re7 h5 24. Rxc7 Rfc8 25. Rc6 Ra7 26. Rxc8+ Bxc8 27. Qe3
1-0

[Event "Nord-West-Cup"]
[Site "?"]
[Date "1999.02.05"]
[Round "3"]
[White "Schmenger, Felix"]
[Black "Hupe, Henning"]
[Result "1-0"]
[WhiteElo "2260"]
[BlackElo "2145"]
[PlyCount "63"]
[EventDate "1999.??.??"]

1. e4 c6 2. d4 d5 3. exd5 cxd5 4. c4 Nf6 5. Nc3 e6 6. Nf3 Be7 7. c5 O-O 8. Bg5
Nc6 9. Bb5 Ne4 10. Bxe7 Nxe7 11. O-O Nf5 12. Rc1 f6 13. Bd3 Nxc3 14. Rxc3 Ne7
15. b4 Qc7 16. Re1 a6 17. a4 Nc6 18. b5 axb5 19. axb5 Nb4 20. Bxh7+ Kxh7 21.
Qb1+ Kg8 22. Qxb4 Ra2 23. c6 bxc6 24. Rxc6 Qb7 25. Qd6 Qf7 26. Rc7 Qe8 27. Rec1
Kh7 28. h3 Ra8 29. b6 Rb8 30. Re7 Qd8 31. Qxb8 Qxe7 32. Rxc8 1-0

[Event "Nord-West-Cup"]
[Site "?"]
[Date "1999.02.05"]
[Round "3"]
[White "GM Bischoff, Klaus"]
[Black "FM Hedke, Fred"]
[Result "1/2-1/2"]
[WhiteElo "2550"]
[BlackElo "2350"]
[PlyCount "43"]
[EventDate "1999.??.??"]

1. d4 Nf6 2. c4 e6 3. Nc3 d5 4. cxd5 exd5 5. Bg5 Be7 6. e3 h6 7. Bh4 O-O 8. Bd3
b6 9. Nge2 Bb7 10. f3 c5 11. Bf2 Nc6 12. g4 cxd4 13. exd4 Re8 14. a3 Bf8 15. h4
Na5 16. Rg1 Nc4 17. Qc2 Rc8 18. g5 Nh5 19. O-O-O Qd6 20. Kb1 b5 21. Qb3 Qh2 22.
Rgf1 1/2-1/2

[Event "Nord-West-Cup"]
[Site "?"]
[Date "1999.02.05"]
[Round "3"]
[White "Juergens, Karl-Heinz"]
[Black "IM Vasiljevic, Dragan"]
[Result "0-1"]
[WhiteElo "2047"]
[BlackElo "2355"]
[PlyCount "57"]
[EventDate "1999.??.??"]

1. e4 e6 2. d4 d5 3. Nc3 Bb4 4. e5 Ne7 5. a3 Bxc3+ 6. bxc3 b6 7. a4 Ba6 8. Bb5+
Bxb5 9. axb5 Qd7 10. Qd3 c6 11. bxc6 Nbxc6 12. Ne2 O-O 13. O-O f6 14. exf6 Rxf6
15. Bg5 Rf7 16. f4 Nf5 17. g4 Nd6 18. Qh3 Raf8 19. Rf3 Nc4 20. Bh4 N6a5 21.
Raf1 Nd2 22. Be1 Nxf1 23. Kxf1 Nc4 24. Kg2 a5 25. f5 exf5 26. g5 f4 27. Qh4
Ne3+ 28. Kh1 Qg4 29. g6 0-1

[Event "Nord-West-Cup"]
[Site "?"]
[Date "1999.02.05"]
[Round "3"]
[White "FM Eilers, Stefan"]
[Black "IM Bagaturov, Giorgi"]
[Result "0-1"]
[WhiteElo "2320"]
[BlackElo "2540"]
[PlyCount "82"]
[EventDate "1999.??.??"]

1. Nf3 Nf6 2. g3 g6 3. Bg2 Bg7 4. O-O O-O 5. b3 c5 6. Bb2 d5 7. c4 d4 8. e3 Nc6
9. exd4 cxd4 10. d3 Nd7 11. Nbd2 Nc5 12. Ne4 Nxe4 13. dxe4 e5 14. Ne1 a5 15.
Nd3 Re8 16. f4 a4 17. Rb1 exf4 18. gxf4 axb3 19. axb3 Qh4 20. Qe1 Qe7 21. Kh1
Bd7 22. Qf2 Ra2 23. Rbd1 Bf6 24. Ra1 Rxa1 25. Rxa1 Bh3 26. Bf3 Bh4 27. Qd2 Qc7
28. b4 Be6 29. b5 Nb8 30. c5 Rd8 31. Qb4 Be7 32. Ra7 Nd7 33. Bxd4 Nxc5 34. Bxc5
Rxd3 35. Ra8+ Bd8 36. Be2 Rd7 37. Be3 Qc2 38. Bf3 Bh3 39. Bg1 Rd1 40. Qa5 Rxg1+
41. Kxg1 Qc5+ 0-1

[Event "Nord-West-Cup"]
[Site "?"]
[Date "1999.02.05"]
[Round "3"]
[White "GM Lanka, Zigurds"]
[Black "FM Wesseln, Kai"]
[Result "0-1"]
[WhiteElo "2515"]
[BlackElo "2345"]
[PlyCount "80"]
[EventDate "1999.??.??"]

1. e4 c5 2. Nf3 Nc6 3. d4 cxd4 4. Nxd4 g6 5. Nc3 Bg7 6. Be3 Nf6 7. Bc4 O-O 8.
Bb3 a5 9. O-O a4 10. Nxa4 Nxe4 11. Nb5 Ra6 12. Qe2 d6 13. Rad1 Bd7 14. c4 Nf6
15. f3 Be6 16. Nc5 Ra8 17. Nxe6 fxe6 18. c5 d5 19. g4 Kh8 20. Bf2 e5 21. Kh1 d4
22. Bg3 Ra5 23. a3 Nd5 24. Bxd5 Qxd5 25. b4 Rxb5 26. Qxb5 Rxf3 27. Kg1 Bh6 28.
Qe2 Be3+ 29. Bf2 d3 30. Qxe3 Rxe3 31. Bxe3 Kg7 32. h3 Nd4 33. Rf2 Ne2+ 34. Kh2
e4 35. Rg2 Qe5+ 36. Kh1 Nc3 37. Rf1 Nd5 38. Bc1 e3 39. Bb2 Nc3 40. Re1 d2 0-1

[Event "Nord-West-Cup"]
[Site "?"]
[Date "1999.02.05"]
[Round "3"]
[White "FM Jonkman, Harmen"]
[Black "GM Gutman, Lev"]
[Result "1-0"]
[WhiteElo "2310"]
[BlackElo "2480"]
[PlyCount "77"]
[EventDate "1999.??.??"]

1. e4 c5 2. c3 d5 3. exd5 Qxd5 4. d4 Nf6 5. Nf3 g6 6. Na3 Bg7 7. Bc4 Qd8 8.
dxc5 Qxd1+ 9. Kxd1 O-O 10. Re1 Nc6 11. h3 Bf5 12. Ke2 Rfd8 13. Be3 Na5 14. Bd4
Nh5 15. Bxg7 Kxg7 16. Nd4 Be4 17. g4 e5 18. Kd2 f5 19. f3 Bxf3 20. Rxe5 Nc6 21.
Re3 fxg4 22. Nab5 Rd7 23. Be6 Re7 24. hxg4 Nf4 25. Rf1 Nxd4 26. Nxd4 Rae8 27.
Rexf3 Nxe6 28. Nxe6+ Rxe6 29. Rf7+ Kh6 30. Rxb7 a5 31. Rf4 Re5 32. Rc4 Rd8+ 33.
Kc2 a4 34. Rd4 Ra8 35. c6 Rc5 36. c7 Ra6 37. Rd5 Rac6 38. Rxc5 Rxc5 39. Kd3 1-0